Statistics for Russia Multiple Choice

Click here to take the quiz!

General Stats

  • This quiz has been taken 34,793 times
  • The average score is 10 of 15

Answer Stats

QuestionAnswer% Correct
What animal is often used to symbolize Russia?Bear
96%
Which of these countries DOESN'T border Russia?Germany
93%
Is Moscow on the sea?No
92%
Who was Yuri Gagarin?The first person to orbit the Earth
88%
What is a babushka?An old woman
78%
Which of these terms refers to a region of Russia?Oblast
78%
What was the name of the last tsar's youngest daughter?Anastasia
76%
How is Moscow spelled in the Russian language?Mосква
76%
What notable Russian was assassinated in Mexico City in 1940?Leon Trotsky
72%
Which of these bodies of water does Russia NOT touch?East China Sea
57%
Which of these musical works is NOT by Tchaikovsky?The Magic Flute
57%
Why did the city of Chelyabinsk briefly become famous in 2013?A meteor explosion
52%
What is a samovar?A vessel for heating water and serving tea
51%
What city was known as Stalingrad between 1925 and 1961?Volgograd
47%
When was the last time Moscow was ever captured by a foreign power?By Napoleon in 1812
34%

Score Distribution

Percentile by Number Answered

Percent of People with Each Score

Your Score History

You have not taken this quiz